00977cam a22002657a 450000100100000000500170001000800410002704000250006808200170009324500720011026000810018230000360026349000120029965000360031165000240034770000290037170000310040070000310043170000320046270000310049470000330052583000180055895201200057699900150069600000165720240513201349.0820312s1969 ag ad 001 0 spa  aDO-SdBNPbspacBNPHU a307.14bD44100aDesarrollo comunitario y cambio social /cHugo Calello... [et al.]. aBuenos Aires :bInstituto de Investigaciones Económicas y Sociales,c1969. a253 p. :bil., tablas ;c22 cm.1 aEsquema 0aDesarrollo de la comunidad9453 0aCambio social916611 aCalello, Hugoeed.953951 aRissech, Elviraeed.953961 aSlutzky, Danieleed.953971 aColabell, Santoseed.953981 aMeister, Alberteed.953991 aJelin, Eliso Betheed.95400 0aEsquema95401 001052708MOaGRbGRcCTd2009-09-19iLF1l0o307.14 D441p1657-10r2020-06-25w2020-06-25y2ZPréstamo interno c1542d1542